LEADER 01211nam a2200253 i 4500 001 000000150739 003 CaOOAMICUS 005 20250910125419.0 008 060608s2004 it u000 u ita u 040 $aSeMil$bita 110 2 $aCaritas Ambrosiana : Osservatorio diocesano delle povertà e delle risorse.$0(OLS)http://semarc/name/60736 245 10$aTerzo rapporto sulle povertà nella diocesi di Milano /$cCaritas Ambrosiana ; in collaborazione con Fondazione Luigi Moneta. 264 1$aMilano :$bOltre :$bIn dialogo,$c2004. 300 $a157 p. :$btabelle ;$c21 cm. 490 1 $aQuaderni Caritas 650 4$aMilano (Arcidiocesi) - Povertà - Statistiche.$0(OLS)http://semarc/subject/21277 710 2 $aFondazione Luigi Moneta .$0(OLS)http://semarc/name/15009 830 0$aQuaderni Caritas.$0(OLS)http://semarc/title/18667 850 $aSeMil 852 $aSeMil$W1$xVenegono$y1$m3YY II 4/3$j261668$B102822$CSeMilBibl$Z2$F112061 $81 961 $aOmaggio: Caritas Ambrosiana 996 $6245$aTerzo rapporto sulle povertà nella diocesi di Milano$9(OLS)http://semarc/title/220342 996 $6264$aMilano :$bOltre :$bIn dialogo$9(OLS)http://semarc/publisher/62311 LEADER 01158nam a2200241 4500 001 000000335912 003 CaOOAMICUS 005 20251217160647.0 008 190809s1790 it 000 u ita r 026 $ai-i- i.el eidi dada (3) 1790 (R) 040 $aSeMil$bita 100 11$aSintich, Ivan Antun.$0(OLS)http://semarc/name/109982 245 03$aIl Breviario romano difeso e giustificato contro il libro intitolato Lettera responsiva di un parroco fiorentino alla lettera di un parroco pistojese, ec. 264 1$cL'anno 1790. 300 $a172 p. ;$c8° 500 $aPer l'attribuzione a Giovanni Antonio Sintich, cfr. MAI 500 $aSegn.: a-i? k¹? 650 4$aBreviario romano - Commenti e studi.$0(OLS)http://semarc/subject/59257 850 $aSeMil 852 $aSeMil$W1$xVenegono$y1$m3X III 26 FA$j215227$B227754$CSeMilBibl$Z2$F227754 $8I 996 $6245$aIl Breviario romano difeso e giustificato contro il libro intitolato Lettera responsiva di un parroco fiorentino alla lettera di un parroco pistojese, ec.$9(OLS)http://semarc/title/425247 996 $6264$a[S.l.] :$b[s.n.]$9(OLS)http://semarc/publisher/0